Prof. Dr. Ferd. Tománek: Klinické rozpoznávaní nádorů

Bibliographic Details
Main Author: Dlhoš, Ernest, 1910-1994 (Author)
Format: Article
Language:Slovak

MARC

LEADER 00000nab a2200000ua 4500
001 vtls010794266
003 SK-MaSNL
005 20260303123911.0
008 230214s1949 xo |||||||||||||||||slo|
035 |a (urnnbn)urn:nbn:sk:snk:ar-a03ko0 
035 |a (uuid)22c5982e-7efe-44dc-b0e1-d6764d965292 
035 |a urn:nbn:sk:snk-ab5c30 
040 |a SNKBUCL  |b slo  |c SNKBUCL  |e AACR2 
041 0 |a slo 
044 |a xo  |c SK 
100 1 |a Dlhoš, Ernest,  |d 1910-1994  |4 aut  |9 117078 
245 1 0 |a Prof. Dr. Ferd. Tománek: Klinické rozpoznávaní nádorů  |c Dlhoš 
773 0 |t Bratislavské lekárske listy  |g Roč. 29, č. 7 (1949), s. 739-740 
954 |a odborná, vedecká literatúra pôvodná (slovenská)  |2 lita 
958 |a OND 
958 |a EUIPO 
958 |a article3 
999 |c 1928524  |d 1930454